000 00953nam a2200277 i 4500
001 000026855
003 DO-SdBNP
005 20240501102218.0
007 ta
008 110325s1986 dr a 000 0 spa d
040 _aDO-SdBNP
_bspa
_cBNPHU
_erda
082 4 _bJ41m
_222
100 1 _aJavier García, Manuel de Jesús,
_d1913-
_953968
245 1 0 _aMis 20 años en el Palacio Nacional junto a Trujillo y otros gobernates dominicanos /
_cManuel de Jesús Javier García.
264 _aSanto Domingo :
_bTaller,
_c1986.
300 _avolumen :
_bilustraciones ;
_c23 cm.
336 _2rdacontent
_atexto
_btxt
337 _2rdamedia
_asin mediación
_bn
338 _2rdacarrier
_avolumen
_bnc
490 _aBiblioteca taller
_v179
500 _aIncluye datos biográficos del autor en la contracubierta
500 _aIncluye índice de nombres
500 _aLa biblioteca posee el volumen 2
590 _aInventariado, 2024/BT
942 _2ddc
_cLBS1
999 _c26347
_d26347